000 00214 a2200097 4500
020 _a9788495601216
041 _aspa
100 _aHelena Matheopoulos
245 _aPlacido Domingo mis personajes mi vida
942 _cK
999 _c26935
_d26935